• 首页
  • 本馆介绍
  • 公告通知
  • 最新文献
  • 馆藏检索
  • 电子资源
  • 读者导购
  • 参考咨询
  • 我的图书馆
  • 登录
  • 详细信息显示
  • 放入我的书架
  • 预约/预借图书
  • 作者相关作品
  • 分类相关作品
  • 丛书相关作品
  • 出版社相关作品

书目信息

  • 表格格式
  • 工作单格式
  • 卡片格式
题名:
统帅部:中国最大军事演习秘录
    
 
作者: 张卫明 编
分册:  
出版信息: 太原   北岳文艺出版社  1993.2
页数: 309页
开本: 19cm
丛书名:
单 册:
中图分类: I253 , I247.52
科图分类:
主题词: 报告文学--中国--现代 , 小说--中国 , 军事演习--中国--1981 , 军事演习
电子资源:
ISBN: 7-5378-1409-4
000 00864nam0 2200265 450
001 1552332804
005 20150120143242.95
010    @a7-5378-1409-4@dCNY6.80
100    @a19940126d1993 em y0chiy0110 ea
101 0  @achi
102    @aCN@b140000
105    @ay z 000zy
200 1  @a统帅部:中国最大军事演习秘录@9tong shuai bu : zhong guo zui da jun shi yan xi mi lu@e长篇纪实文学@f张卫明编
210    @a太原@c北岳文艺出版社@d1993.2
215    @a309页@d19cm
330    @a本书记述了我军建军史上最大规模的现代化军事演习,其中有:邓小平召见参谋长的决策内幕、三位老帅对演习的密切关注等。
606 0  @a报告文学@y中国@z现代
606 0  @a小说@x中国
606 0  @a军事演习@y中国@z1981
606 0  @a军事演习
690    @aI253@v三版
690    @aI247.52@v4
701  0 @a张卫明@9zhang wei ming@4编
801  0 @aCN@bTSSF@c20150120
905    @aZUCC@dI247.52@eJY1
    
    统帅部:中国最大军事演习秘录:长篇纪实文学/张卫明编.-太原:北岳文艺出版社,1993.2
    309页;19cm
    
    
    ISBN 7-5378-1409-4:CNY6.80
    本书记述了我军建军史上最大规模的现代化军事演习,其中有:邓小平召见参谋长的决策内幕、三位老帅对演习的密切关注等。
●
相关链接 在E读中查询图书 在五车中查询图书 在当当中查询图书 在豆瓣中查询图书


正题名:统帅部:中国最大军事演习秘录     索取号:I247.52/JY1         预约/预借

序号 登录号 条形码 馆藏地/架位号 状态 备注
1 7849675   278496753   学院路分馆/ [索取号:I247.52/JY1] 在馆    
2 7849676   278496762   学院路分馆/ [索取号:I247.52/JY1] 在馆    
3 7849677   278496771   学院路分馆/ [索取号:I247.52/JY1] 在馆    
4 7849678   278496780   学院路分馆/ [索取号:I247.52/JY1] 在馆    
唐山师范学院图书馆 欢迎您!
大连网信软件有限公司© 版权所有